[Event "Deutsche Blitz-Einzelmeisterschaft der Frauen 2021"]
[Site "Magdeburg"]
[Date "2021.08.01"]
[Round "18"]
[Board "9"]
[White "Voicu-Jagodzinsky, Carmen"]
[Black "Zeller, Elisa"]
[Result "1-0"]
[WhiteElo "2194"]
[BlackElo "1917"]
[PlyCount "0"]
[EventDate "2021.08.01"]
[EventRounds "21"]
[EventCountry "GER"]

1. e4 {[%clk 0:03:02]} e6 {[%clk 0:03:03]} 2. d4 {[%clk 0:03:03]} d5 {[%clk
0:03:04]} 3. Nc3 {[%clk 0:03:04]} Bb4 {[%clk 0:03:03]} 4. exd5 {[%clk 0:03:05]}
exd5 {[%clk 0:03:02]} 5. Bd3 {[%clk 0:03:07]} Ne7 {[%clk 0:03:02]} 6. Qf3 {[%clk
0:03:05]} Be6 {[%clk 0:02:57]} 7. Ne2 {[%clk 0:03:04]} Nbc6 {[%clk 0:02:57]} 8.
O-O {[%clk 0:03:00]} Qd7 {[%clk 0:02:58]} 9. h3 {[%clk 0:03:01]} O-O-O {[%clk
0:02:58]} 10. a3 {[%clk 0:03:00]} Ba5 {[%clk 0:02:57]} 11. Bf4 {[%clk 0:02:36]}
f6 {[%clk 0:02:55]} 12. Be3 {[%clk 0:02:21]} Bb6 {[%clk 0:02:46]} 13. Na4 {[%clk
0:02:01]} Bf5 {[%clk 0:02:23]} 14. Nxb6+ {[%clk 0:01:59]} cxb6 {[%clk 0:02:23]}
15. Bxf5 {[%clk 0:01:41]} Qxf5 {[%clk 0:02:18]} 16. Qxf5+ {[%clk 0:01:25]} Nxf5
{[%clk 0:02:18]} 17. g4 {[%clk 0:01:18]} Nd6 {[%clk 0:02:17]} 18. b3 {[%clk
0:01:16]} Rhe8 {[%clk 0:01:56]} 19. a4 {[%clk 0:01:17]} Kb8 {[%clk 0:01:54]} 20.
Rfe1 {[%clk 0:01:16]} Ne4 {[%clk 0:01:53]} 21. f3 {[%clk 0:01:10]} Nd6 {[%clk
0:01:46]} 22. Kf2 {[%clk 0:01:01]} Kc8 {[%clk 0:01:46]} 23. c3 {[%clk 0:01:01]}
Na5 {[%clk 0:01:35]} 24. Rab1 {[%clk 0:01:05]} f5 {[%clk 0:01:21]} 25. Bf4 {[%clk
0:01:03]} fxg4 {[%clk 0:01:19]} 26. hxg4 {[%clk 0:01:04]} Nc6 {[%clk 0:01:13]}
27. Ng3 {[%clk 0:01:00]} g6 {[%clk 0:01:08]} 28. Bxd6 {[%clk 0:00:54]} Rxe1
{[%clk 0:01:07]} 29. Rxe1 {[%clk 0:00:55]} Rxd6 {[%clk 0:01:08]} 30. Re8+ {[%clk
0:00:52]} Kc7 {[%clk 0:01:03]} 31. Rh8 {[%clk 0:00:51]} Rd7 {[%clk 0:01:04]} 32.
Ne2 {[%clk 0:00:53]} Na5 {[%clk 0:01:03]} 33. b4 {[%clk 0:00:53]} Nc4 {[%clk
0:01:04]} 34. g5 {[%clk 0:00:54]} Nd6 {[%clk 0:01:04]} 35. Nf4 {[%clk 0:00:52]}
Nf5 {[%clk 0:01:03]} 36. Ne6+ {[%clk 0:00:51]} Kd6 {[%clk 0:00:56]} 37. Nf8
{[%clk 0:00:48]} Rf7 {[%clk 0:00:51]} 38. Nxh7 {[%clk 0:00:49]} Ng7 {[%clk
0:00:34]} 39. Nf6 {[%clk 0:00:48]} Ne6 {[%clk 0:00:32]} 40. Rh7 {[%clk 0:00:40]}
Nxg5 {[%clk 0:00:27]} 41. Rxf7 {[%clk 0:00:39]} Nxf7 {[%clk 0:00:28]} 42. Kg3
{[%clk 0:00:39]} Ke6 {[%clk 0:00:27]} 43. Ng4 {[%clk 0:00:35]} Nd6 {[%clk
0:00:25]} 44. Ne3 {[%clk 0:00:34]} a6 {[%clk 0:00:23]} 45. Kg4 {[%clk 0:00:35]}
Nf7 {[%clk 0:00:21]} 46. f4 {[%clk 0:00:35]} a5 {[%clk 0:00:19]} 47. b5 {[%clk
0:00:35]} Nd6 {[%clk 0:00:17]} 48. Kg5 {[%clk 0:00:26]} Ne4+ {[%clk 0:00:15]} 49.
Kxg6 {[%clk 0:00:31]} Nxc3 {[%clk 0:00:16]} 50. f5+ {[%clk 0:00:33]} Ke7 {[%clk
0:00:14]} 51. f6+ {[%clk 0:00:35]} Kf8 {[%clk 0:00:15]} 52. f7 {[%clk 0:00:32]}
Ne4 {[%clk 0:00:12]} 53. Ng4 {[%clk 0:00:34]} Nd6 {[%clk 0:00:08]} 54. Ne5 {[%clk
0:00:35]} Nc8 {[%clk 0:00:04]} 55. Nd7+ {[%clk 0:00:35]} Ke7 {[%clk 0:00:05]} 56.
f8=Q+ {[%clk 0:00:35]} Kxd7 {[%clk 0:00:05]} 57. Kf7 {[%clk 0:00:34]} Nd6+ {[%clk
0:00:06]} 58. Kf6 {[%clk 0:00:35]} Ne4+ {[%clk 0:00:07]} 59. Ke5 {[%clk 0:00:37]}
Nc3 {[%clk 0:00:05]} 60. Qd6+ {[%clk 0:00:37]} Kc8 {[%clk 0:00:05]} 61. Ke6
{[%clk 0:00:38]} Ne4 {[%clk 0:00:04]} 62. Qd7+ {[%clk 0:00:39]} Kb8 {[%clk
0:00:05]} 63. Qxd5 {[%clk 0:00:38]} Nc3 {[%clk 0:00:04]} 64. Qd8+ {[%clk
0:00:37]} Ka7 {[%clk 0:00:06]} 65. d5 {[%clk 0:00:37]} Nxb5 {[%clk 0:00:04]} 66.
axb5 {[%clk 0:00:37]} a4 67. Kd6 {[%clk 0:00:34]}  1-0

[Event "Deutsche Blitz-Einzelmeisterschaft der Frauen 2021"]
[Site "Magdeburg"]
[Date "2021.08.01"]
[Round "18"]
[Board "10"]
[White "Stangl, Anita"]
[Black "Skogvall, Martina"]
[Result "1-0"]
[WhiteElo "1982"]
[BlackElo "2014"]
[PlyCount "0"]
[EventDate "2021.08.01"]
[EventRounds "21"]
[EventCountry "GER"]

1. e4 {[%clk 0:03:04]} e6 {[%clk 0:03:03]} 2. Nf3 {[%clk 0:03:05]} d5 {[%clk
0:03:04]} 3. Nc3 {[%clk 0:03:06]} Bb4 {[%clk 0:03:02]} 4. exd5 {[%clk 0:03:03]}
exd5 {[%clk 0:03:02]} 5. d4 {[%clk 0:02:36]} Nc6 {[%clk 0:02:45]} 6. Bb5 {[%clk
0:02:30]} Bd7 {[%clk 0:02:43]} 7. O-O {[%clk 0:02:26]} Nge7 {[%clk 0:02:34]} 8.
Bg5 {[%clk 0:02:25]} f6 {[%clk 0:02:44]} 9. Bh4 {[%clk 0:02:22]} O-O {[%clk
0:02:34]} 10. Re1 {[%clk 0:02:18]} Bd6 {[%clk 0:02:21]} 11. Bd3 {[%clk 0:02:11]}
a6 {[%clk 0:01:43]} 12. Bg3 {[%clk 0:02:07]} Bxg3 {[%clk 0:01:38]} 13. hxg3
{[%clk 0:02:08]} Bg4 {[%clk 0:01:35]} 14. Ne2 {[%clk 0:01:52]} Nb4 {[%clk
0:01:17]} 15. c3 {[%clk 0:01:44]} Nxd3 {[%clk 0:01:17]} 16. Qxd3 {[%clk 0:01:45]}
Bf5 {[%clk 0:01:15]} 17. Qd2 {[%clk 0:01:43]} Qd6 {[%clk 0:01:08]} 18. Nh4 {[%clk
0:01:42]} Bd7 {[%clk 0:01:02]} 19. Qf4 {[%clk 0:01:30]} Qb6 {[%clk 0:00:45]} 20.
Qd2 {[%clk 0:01:18]} Rae8 {[%clk 0:00:40]} 21. b3 {[%clk 0:01:13]} f5 {[%clk
0:00:33]} 22. Nf3 {[%clk 0:01:13]} Ng6 {[%clk 0:00:33]} 23. Nf4 {[%clk 0:01:09]}
Qd6 {[%clk 0:00:27]} 24. Nxg6 {[%clk 0:01:07]} Qxg6 {[%clk 0:00:27]} 25. Ne5
{[%clk 0:01:07]} Qd6 {[%clk 0:00:28]} 26. Qf4 {[%clk 0:00:59]} c6 {[%clk
0:00:16]} 27. Re3 {[%clk 0:01:00]} Re6 {[%clk 0:00:14]} 28. Rae1 {[%clk 0:00:58]}
Rfe8 {[%clk 0:00:15]} 29. Nxd7 {[%clk 0:00:48]} Qxd7 {[%clk 0:00:12]} 30. Qxf5
{[%clk 0:00:49]} Rxe3 {[%clk 0:00:06]} 31. Qxd7 {[%clk 0:00:49]} Rxe1+ 32. Kh2
{[%clk 0:00:50]} R1e7 {[%clk 0:00:07]} 33. Qd6 {[%clk 0:00:51]} Kf7 {[%clk
0:00:06]} 34. Qf4+ {[%clk 0:00:52]} Kg8 {[%clk 0:00:07]} 35. g4 {[%clk 0:00:53]}
Rf7 {[%clk 0:00:08]} 36. Qg3 {[%clk 0:00:54]} Ref8 {[%clk 0:00:09]} 37. f3 {[%clk
0:00:56]} Re7 {[%clk 0:00:10]} 38. Qd6 {[%clk 0:00:57]} Rfe8 {[%clk 0:00:11]} 39.
Kg3 {[%clk 0:00:57]} Re2 {[%clk 0:00:12]} 40. c4 {[%clk 0:00:58]} Rxa2 {[%clk
0:00:11]} 41. Qxd5+ {[%clk 0:01:00]} Kh8 {[%clk 0:00:07]} 42. Qf7 {[%clk
0:01:02]} Ree2 {[%clk 0:00:08]} 43. b4 {[%clk 0:01:02]} Rxg2+ {[%clk 0:00:09]}
44. Kf4 {[%clk 0:01:04]} Rgf2 {[%clk 0:00:06]} 45. d5 {[%clk 0:01:05]} Rad2
{[%clk 0:00:06]} 46. Ke5 {[%clk 0:01:06]} g5 {[%clk 0:00:07]} 47. Kd6 {[%clk
0:01:05]}  1-0

[Event "Deutsche Blitz-Einzelmeisterschaft der Frauen 2021"]
[Site "Magdeburg"]
[Date "2021.08.01"]
[Round "18"]
[Board "11"]
[White "Albayrak, Berrak"]
[Black "Muetsch, Annmarie"]
[Result "0-1"]
[WhiteElo "1491"]
[BlackElo "2294"]
[PlyCount "0"]
[EventDate "2021.08.01"]
[EventRounds "21"]
[EventCountry "GER"]

1. e4 {[%clk 0:03:03]} d6 {[%clk 0:03:03]} 2. Nc3 {[%clk 0:03:03]} Nf6 {[%clk
0:03:02]} 3. g3 {[%clk 0:02:54]} e5 {[%clk 0:03:00]} 4. Bg2 {[%clk 0:03:04]} g6
{[%clk 0:02:59]} 5. d3 {[%clk 0:03:04]} Bg7 {[%clk 0:03:00]} 6. Nge2 {[%clk
0:03:00]} O-O {[%clk 0:02:58]} 7. O-O {[%clk 0:02:59]} c6 {[%clk 0:02:52]} 8. f4
{[%clk 0:02:46]} b5 {[%clk 0:02:51]} 9. a3 {[%clk 0:02:33]} Ng4 {[%clk 0:02:23]}
10. h3 {[%clk 0:02:29]} Qb6+ {[%clk 0:02:15]} 11. Kh1 {[%clk 0:01:35]} Nf2+
{[%clk 0:02:22]} 12. Rxf2 {[%clk 0:01:36]} Qxf2 {[%clk 0:02:23]} 13. Bd2 {[%clk
0:01:16]} Nd7 {[%clk 0:02:14]} 14. Qf1 {[%clk 0:01:08]} Qxf1+ {[%clk 0:02:07]}
15. Rxf1 {[%clk 0:01:09]} a5 {[%clk 0:01:57]} 16. fxe5 {[%clk 0:00:44]} dxe5
{[%clk 0:01:53]} 17. Nd1 {[%clk 0:00:32]} Nc5 {[%clk 0:01:43]} 18. b4 {[%clk
0:00:24]} Nb7 {[%clk 0:01:42]} 19. Ne3 {[%clk 0:00:20]} Be6 {[%clk 0:01:40]} 20.
g4 {[%clk 0:00:10]} c5 {[%clk 0:01:32]} 21. bxa5 {[%clk 0:00:07]} Nxa5 {[%clk
0:01:39]} 22. c3 {[%clk 0:00:04]} Nb3 {[%clk 0:01:39]} 23. Be1 {[%clk 0:00:05]}
Rxa3 {[%clk 0:01:37]}  0-1

[Event "Deutsche Blitz-Einzelmeisterschaft der Frauen 2021"]
[Site "Magdeburg"]
[Date "2021.08.01"]
[Round "19"]
[Board "1"]
[White "Muetsch, Annmarie"]
[Black "Wulf, Constanze"]
[Result "1-0"]
[WhiteElo "2294"]
[BlackElo "1817"]
[PlyCount "0"]
[EventDate "2021.08.01"]
[EventRounds "21"]
[EventCountry "GER"]

1. e4 {[%clk 0:03:03]} c5 {[%clk 0:03:02]} 2. Nc3 {[%clk 0:03:04]} d6 {[%clk
0:02:52]} 3. d4 {[%clk 0:02:58]} cxd4 {[%clk 0:02:40]} 4. Qxd4 {[%clk 0:02:58]}
Nc6 {[%clk 0:02:39]} 5. Qd2 {[%clk 0:02:59]} g6 {[%clk 0:02:28]} 6. b3 {[%clk
0:03:00]} Bg7 {[%clk 0:02:29]} 7. Bb2 {[%clk 0:03:01]} Nf6 {[%clk 0:02:21]} 8.
O-O-O {[%clk 0:02:58]} O-O {[%clk 0:02:21]} 9. f3 {[%clk 0:02:51]} a6 {[%clk
0:02:17]} 10. Kb1 {[%clk 0:02:50]} Qc7 {[%clk 0:02:01]} 11. g4 {[%clk 0:02:49]}
b5 {[%clk 0:01:56]} 12. Nge2 {[%clk 0:02:44]} Bb7 {[%clk 0:01:26]} 13. Ng3 {[%clk
0:02:42]} Rfc8 {[%clk 0:01:22]} 14. g5 {[%clk 0:02:40]} Nd7 {[%clk 0:01:21]} 15.
Nd5 {[%clk 0:02:39]} Qd8 {[%clk 0:01:16]} 16. Bxg7 {[%clk 0:02:35]} Kxg7 {[%clk
0:01:17]} 17. f4 {[%clk 0:02:32]} e6 {[%clk 0:01:09]} 18. Ne3 {[%clk 0:02:26]}
Nc5 {[%clk 0:00:42]} 19. h4 {[%clk 0:02:20]} a5 {[%clk 0:00:13]} 20. h5 {[%clk
0:02:20]} a4 {[%clk 0:00:13]} 21. hxg6 {[%clk 0:02:14]} fxg6 {[%clk 0:00:06]} 22.
Qh2 {[%clk 0:01:59]} Qg8 {[%clk 0:00:06]} 23. f5 {[%clk 0:01:26]} axb3 {[%clk
0:00:07]} 24. cxb3 {[%clk 0:01:15]} Nb4 {[%clk 0:00:04]} 25. f6+ {[%clk 0:00:54]}
Kf7 {[%clk 0:00:03]} 26. Qxh7+ {[%clk 0:00:53]} Qxh7 {[%clk 0:00:04]} 27. Rxh7+
{[%clk 0:00:53]} Kg8 {[%clk 0:00:04]} 28. Rg7+ {[%clk 0:00:54]} Kf8 {[%clk
0:00:06]} 29. Rd2 {[%clk 0:00:50]} Nxe4 {[%clk 0:00:06]} 30. Nxe4 {[%clk
0:00:30]} Bxe4+ {[%clk 0:00:07]} 31. Ka1 {[%clk 0:00:20]} Rc1+ {[%clk 0:00:08]}
32. Kb2 {[%clk 0:00:21]} Rb1+ {[%clk 0:00:02]} 33. Kc3 {[%clk 0:00:22]} Nxa2+
{[%clk 0:00:02]} 34. Kd4 {[%clk 0:00:24]} Bf5 {[%clk 0:00:04]} 35. Bd3 {[%clk
0:00:22]} e5+ {[%clk 0:00:05]} 36. Kd5 {[%clk 0:00:24]} Nb4+ {[%clk 0:00:05]} 37.
Kxd6 {[%clk 0:00:16]} Nxd3 {[%clk 0:00:06]} 38. Nxf5 {[%clk 0:00:19]} Rd8+ {[%clk
0:00:07]} 39. Kc7 {[%clk 0:00:20]} Rc1+ {[%clk 0:00:04]} 40. Kxd8 {[%clk
0:00:20]} gxf5 {[%clk 0:00:05]} 41. Rxd3 {[%clk 0:00:21]} e4 {[%clk 0:00:05]} 42.
Rdd7 {[%clk 0:00:22]} e3 {[%clk 0:00:05]} 43. Rdf7# {[%clk 0:00:22]}  1-0

[Event "Deutsche Blitz-Einzelmeisterschaft der Frauen 2021"]
[Site "Magdeburg"]
[Date "2021.08.01"]
[Round "19"]
[Board "2"]
[White "Skogvall, Martina"]
[Black "Albayrak, Berrak"]
[Result "1-0"]
[WhiteElo "2014"]
[BlackElo "1491"]
[PlyCount "0"]
[EventDate "2021.08.01"]
[EventRounds "21"]
[EventCountry "GER"]

1. e4 {[%clk 0:03:03]} d6 {[%clk 0:03:04]} 2. d4 {[%clk 0:03:04]} Nf6 {[%clk
0:03:05]} 3. Nc3 {[%clk 0:03:01]} g6 {[%clk 0:03:06]} 4. Be3 {[%clk 0:03:00]} Bg7
{[%clk 0:03:07]} 5. f3 {[%clk 0:03:01]} O-O {[%clk 0:03:07]} 6. Qd2 {[%clk
0:03:00]} Re8 {[%clk 0:03:09]} 7. Bh6 {[%clk 0:02:56]} Bh8 {[%clk 0:03:09]} 8.
O-O-O {[%clk 0:02:47]} a6 {[%clk 0:03:07]} 9. Bc4 {[%clk 0:02:41]} b5 {[%clk
0:03:02]} 10. Bb3 {[%clk 0:02:42]} c6 {[%clk 0:02:46]} 11. g4 {[%clk 0:02:30]} a5
{[%clk 0:02:40]} 12. a4 {[%clk 0:02:21]} b4 {[%clk 0:02:14]} 13. Nce2 {[%clk
0:02:21]} Qb6 {[%clk 0:02:15]} 14. h4 {[%clk 0:02:02]} c5 {[%clk 0:02:14]} 15. h5
{[%clk 0:01:55]} Ba6 {[%clk 0:01:54]} 16. hxg6 {[%clk 0:01:47]} hxg6 {[%clk
0:01:36]} 17. Bxf7+ {[%clk 0:01:26]} Kxf7 {[%clk 0:01:33]} 18. Qf4 {[%clk
0:01:23]} e5 {[%clk 0:01:25]} 19. dxe5 {[%clk 0:01:09]} dxe5 {[%clk 0:01:26]} 20.
Qg5 {[%clk 0:01:09]} Nc6 {[%clk 0:00:48]} 21. Qh4 {[%clk 0:01:10]} Nd4 {[%clk
0:00:32]} 22. Nxd4 {[%clk 0:01:07]} cxd4 {[%clk 0:00:33]} 23. Nh3 {[%clk
0:01:03]} Rac8 {[%clk 0:00:22]} 24. Ng5+ {[%clk 0:01:00]} Ke7 {[%clk 0:00:24]}
25. Qg3 {[%clk 0:00:56]} Qc5 {[%clk 0:00:23]} 26. Rh2 {[%clk 0:00:56]} d3 {[%clk
0:00:19]} 27. f4 {[%clk 0:00:44]} dxc2 {[%clk 0:00:15]} 28. Re1 {[%clk 0:00:43]}
Rc6 {[%clk 0:00:05]} 29. fxe5 {[%clk 0:00:41]} Nd7 {[%clk 0:00:04]} 30. Nf3
{[%clk 0:00:38]} Kd8 {[%clk 0:00:04]} 31. Bg5+ {[%clk 0:00:37]} Kc8 {[%clk
0:00:05]} 32. Be3 {[%clk 0:00:28]} Qc4 {[%clk 0:00:04]} 33. Nd2 {[%clk 0:00:27]}
Qe6 {[%clk 0:00:04]} 34. Rh7 {[%clk 0:00:11]} Qa2 {[%clk 0:00:04]} 35. Rxd7 Qa1+
{[%clk 0:03:02]} 36. Nb1  1-0

[Event "Deutsche Blitz-Einzelmeisterschaft der Frauen 2021"]
[Site "Magdeburg"]
[Date "2021.08.01"]
[Round "19"]
[Board "3"]
[White "Zeller, Elisa"]
[Black "Stangl, Anita"]
[Result "0-1"]
[WhiteElo "1917"]
[BlackElo "1982"]
[PlyCount "0"]
[EventDate "2021.08.01"]
[EventRounds "21"]
[EventCountry "GER"]

1. e4 {[%clk 0:03:03]} e6 {[%clk 0:03:04]} 2. d4 {[%clk 0:03:04]} d5 {[%clk
0:03:05]} 3. Nd2 {[%clk 0:03:06]} Nf6 {[%clk 0:03:06]} 4. e5 {[%clk 0:03:06]}
Nfd7 {[%clk 0:03:08]} 5. Bd3 {[%clk 0:03:07]} c5 {[%clk 0:03:09]} 6. c3 {[%clk
0:03:08]} Nc6 {[%clk 0:03:10]} 7. Ne2 {[%clk 0:03:09]} Qb6 {[%clk 0:03:12]} 8.
Nf3 {[%clk 0:03:08]} cxd4 {[%clk 0:03:13]} 9. cxd4 {[%clk 0:03:06]} f6 {[%clk
0:03:14]} 10. exf6 {[%clk 0:03:06]} Nxf6 {[%clk 0:03:15]} 11. O-O {[%clk
0:03:06]} Bd6 {[%clk 0:03:16]} 12. Qb3 {[%clk 0:02:57]} Qxb3 {[%clk 0:02:57]} 13.
axb3 {[%clk 0:02:58]} O-O {[%clk 0:02:57]} 14. Bd2 {[%clk 0:02:58]} a6 {[%clk
0:02:46]} 15. Nc3 {[%clk 0:02:47]} Bd7 {[%clk 0:02:40]} 16. Na4 {[%clk 0:02:48]}
Be8 {[%clk 0:02:33]} 17. Nc5 {[%clk 0:02:35]} Bxc5 {[%clk 0:02:23]} 18. dxc5
{[%clk 0:02:36]} e5 {[%clk 0:02:24]} 19. Ng5 {[%clk 0:02:21]} e4 {[%clk 0:02:19]}
20. Be2 {[%clk 0:02:19]} Nd4 {[%clk 0:02:17]} 21. Bd1 {[%clk 0:02:16]} h6 {[%clk
0:02:10]} 22. Bc3 {[%clk 0:02:09]} Nc6 {[%clk 0:02:11]} 23. Ne6 {[%clk 0:02:06]}
Rf7 {[%clk 0:02:10]} 24. b4 {[%clk 0:01:58]} Re7 {[%clk 0:02:10]} 25. Nd4 {[%clk
0:01:53]} Nxd4 {[%clk 0:01:47]} 26. Bxd4 {[%clk 0:01:54]} Bb5 {[%clk 0:01:49]}
27. Re1 {[%clk 0:01:51]} Rd8 {[%clk 0:01:39]} 28. Bb3 {[%clk 0:01:39]} Bc6 {[%clk
0:01:31]} 29. Rad1 {[%clk 0:01:30]} Kh7 {[%clk 0:01:32]} 30. f3 {[%clk 0:01:23]}
Ree8 {[%clk 0:01:13]} 31. Bxf6 {[%clk 0:01:18]} gxf6 {[%clk 0:01:14]} 32. fxe4
{[%clk 0:01:17]} dxe4 {[%clk 0:01:09]} 33. Rxd8 {[%clk 0:01:08]} Rxd8 {[%clk
0:01:09]} 34. Bc2 {[%clk 0:01:11]} f5 {[%clk 0:01:07]} 35. Bb3 {[%clk 0:01:03]}
Rd2 {[%clk 0:01:04]} 36. Be6 {[%clk 0:01:04]} Kg6 {[%clk 0:01:06]} 37. b3 {[%clk
0:01:00]} f4 {[%clk 0:01:02]} 38. Bc4 {[%clk 0:00:45]} e3 {[%clk 0:00:54]} 39.
Be2 {[%clk 0:00:36]} Rb2 {[%clk 0:00:55]} 40. g3 {[%clk 0:00:27]} Kg5 {[%clk
0:00:24]} 41. gxf4+ {[%clk 0:00:25]} Kxf4 {[%clk 0:00:26]} 42. Bc4 {[%clk
0:00:21]} Rg2+ {[%clk 0:00:23]} 43. Kf1 {[%clk 0:00:22]} Rxh2 {[%clk 0:00:24]}
44. Rd1 {[%clk 0:00:12]} Rh1+ {[%clk 0:00:21]} 45. Ke2 {[%clk 0:00:13]} Bf3+
{[%clk 0:00:22]}  0-1

[Event "Deutsche Blitz-Einzelmeisterschaft der Frauen 2021"]
[Site "Magdeburg"]
[Date "2021.08.01"]
[Round "19"]
[Board "5"]
[White "Zschischang, Marine"]
[Black "Hofmann, Karina"]
[Result "1/2-1/2"]
[WhiteElo "2034"]
[BlackElo "1734"]
[PlyCount "0"]
[EventDate "2021.08.01"]
[EventRounds "21"]
[EventCountry "GER"]

1. d4 {[%clk 0:03:04]} b6 {[%clk 0:03:04]} 2. e4 {[%clk 0:03:04]} Bb7 {[%clk
0:03:02]} 3. f3 {[%clk 0:03:05]} g6 {[%clk 0:03:03]} 4. Be3 {[%clk 0:03:05]} Bg7
{[%clk 0:03:04]} 5. Qd2 {[%clk 0:03:06]} e6 {[%clk 0:03:05]} 6. h4 {[%clk
0:03:04]} Ne7 {[%clk 0:03:06]} 7. Bh6 {[%clk 0:02:55]} Bxh6 {[%clk 0:03:04]} 8.
Qxh6 {[%clk 0:02:55]} f5 {[%clk 0:02:45]} 9. e5 {[%clk 0:02:50]} Kf7 {[%clk
0:02:31]} 10. Nh3 {[%clk 0:02:38]} Qf8 {[%clk 0:02:26]} 11. Qd2 {[%clk 0:02:25]}
h6 {[%clk 0:02:24]} 12. Na3 {[%clk 0:02:07]} Nbc6 {[%clk 0:02:21]} 13. O-O-O
{[%clk 0:02:04]} Nd5 {[%clk 0:02:01]} 14. g4 {[%clk 0:01:55]} Qb4 {[%clk
0:02:02]} 15. c3 {[%clk 0:01:47]} Qa5 {[%clk 0:01:55]} 16. g5 {[%clk 0:01:36]} h5
{[%clk 0:01:54]} 17. Bc4 {[%clk 0:01:28]} Nce7 {[%clk 0:01:47]} 18. Rhf1 {[%clk
0:01:24]} Rhc8 {[%clk 0:01:47]} 19. Kb1 {[%clk 0:01:21]} a6 {[%clk 0:01:48]} 20.
Bb3 {[%clk 0:01:17]} b5 {[%clk 0:01:47]} 21. c4 {[%clk 0:01:08]} Qxd2 {[%clk
0:01:45]} 22. Rxd2 {[%clk 0:01:08]} Ne3 {[%clk 0:01:46]} 23. Rff2 {[%clk
0:00:56]} bxc4 {[%clk 0:01:45]} 24. Bxc4 {[%clk 0:00:50]} Bd5 {[%clk 0:01:33]}
25. Bd3 {[%clk 0:00:42]} Rcb8 {[%clk 0:01:26]} 26. Nf4 {[%clk 0:00:30]} Rb4
{[%clk 0:01:24]} 27. Nc2 {[%clk 0:00:13]} Nxc2 {[%clk 0:01:19]} 28. Bxc2 {[%clk
0:00:13]} Rab8 {[%clk 0:01:20]} 29. b3 {[%clk 0:00:12]} a5 {[%clk 0:01:21]} 30.
Kb2 {[%clk 0:00:10]} a4 {[%clk 0:01:22]} 31. Rd3 {[%clk 0:00:06]} c5 {[%clk
0:01:08]} 32. Nxd5 {[%clk 0:00:03]} Nxd5 {[%clk 0:01:06]} 33. dxc5 {[%clk
0:00:04]} Rxh4 {[%clk 0:00:51]} 34. f4 {[%clk 0:00:05]} Rxf4 {[%clk 0:00:49]} 35.
Rxf4 {[%clk 0:00:06]} Nxf4 {[%clk 0:00:50]} 36. Rxd7+ {[%clk 0:00:07]} Ke8 {[%clk
0:00:51]} 37. Rh7 {[%clk 0:00:06]} axb3 {[%clk 0:00:46]} 38. axb3 {[%clk
0:00:07]} Rb4 {[%clk 0:00:41]} 39. Kc3 {[%clk 0:00:06]} Rb5 {[%clk 0:00:37]} 40.
Rc7 {[%clk 0:00:03]} Nd5+ {[%clk 0:00:37]} 41. Kc4 {[%clk 0:00:03]} Nxc7 {[%clk
0:00:38]} 42. Bd1 {[%clk 0:00:05]} Ra5 {[%clk 0:00:36]} 43. b4 {[%clk 0:00:05]}
Ra1 {[%clk 0:00:34]} 44. Bf3 {[%clk 0:00:06]} h4 {[%clk 0:00:33]} 45. b5 {[%clk
0:00:04]} Ra4+ {[%clk 0:00:33]} 46. Kb3 {[%clk 0:00:05]} Rf4 {[%clk 0:00:30]} 47.
Bc6+ {[%clk 0:00:06]} Kd8 {[%clk 0:00:30]} 48. b6 {[%clk 0:00:07]} Na6 {[%clk
0:00:30]} 49. b7 {[%clk 0:00:06]} Nxc5+ {[%clk 0:00:22]} 50. Kc3 {[%clk 0:00:08]}
Kc7 {[%clk 0:00:23]} 51. Bg2 {[%clk 0:00:06]} h3 {[%clk 0:00:19]} 52. Bxh3 {[%clk
0:00:07]} Rf3+ {[%clk 0:00:19]} 53. Kc4 Nxb7 {[%clk 0:00:21]} 54. Bg2 {[%clk
0:00:10]} Rf4+ {[%clk 0:00:18]} 55. Kd3 {[%clk 0:00:10]} Rg4 {[%clk 0:00:19]} 56.
Bf3 {[%clk 0:00:10]} Rxg5 {[%clk 0:00:20]} 57. Ke2 {[%clk 0:00:11]} Nc5 {[%clk
0:00:21]} 58. Kf2 {[%clk 0:00:12]} Nd3+ {[%clk 0:00:20]} 59. Ke3 {[%clk 0:00:12]}
Nxe5 {[%clk 0:00:11]} 60. Be2 {[%clk 0:00:12]} Rg3+ {[%clk 0:00:17]} 61. Kf4
{[%clk 0:00:11]} Rg2 {[%clk 0:00:13]} 62. Bd1 {[%clk 0:00:10]} Nd3+ {[%clk
0:00:12]} 63. Kf3 {[%clk 0:00:10]} Rf2+ {[%clk 0:00:11]} 64. Ke3 {[%clk 0:00:11]}
Rf1 {[%clk 0:00:11]} 65. Be2 {[%clk 0:00:11]} f4+ {[%clk 0:00:09]} 66. Kxd3
{[%clk 0:00:12]} g5 {[%clk 0:00:09]} 67. Bxf1 {[%clk 0:00:13]} Kd6 {[%clk
0:00:11]} 68. Ke4 {[%clk 0:00:14]} g4 {[%clk 0:00:12]} 69. Be2 {[%clk 0:00:12]}
g3 {[%clk 0:00:13]} 70. Bf3 {[%clk 0:00:13]} e5 {[%clk 0:00:13]} 71. Bg2 {[%clk
0:00:13]} Ke6 {[%clk 0:00:15]} 72. Bh3+ {[%clk 0:00:13]} Kf6 {[%clk 0:00:16]} 73.
Bg2 {[%clk 0:00:13]} Kg5 {[%clk 0:00:17]} 74. Kxe5 {[%clk 0:00:14]} Kg4 {[%clk
0:00:18]} 75. Ke4 {[%clk 0:00:15]} Kg5 {[%clk 0:00:19]} 76. Kf3 {[%clk 0:00:16]}
Kf5 {[%clk 0:00:20]} 77. Bh3+ {[%clk 0:00:16]} Kg5 {[%clk 0:00:21]} 78. Bc8
{[%clk 0:00:16]} Kf6 {[%clk 0:00:15]} 79. Bh3 {[%clk 0:00:16]} Ke5 {[%clk
0:00:16]} 80. Bf1 {[%clk 0:00:16]} Kf6 {[%clk 0:00:17]} 81. Bd3 {[%clk 0:00:17]}
Ke5 {[%clk 0:00:17]} 82. Ba6 {[%clk 0:00:15]} Kf6 {[%clk 0:00:20]} 83. Bb7 {[%clk
0:00:14]} Kf5 {[%clk 0:00:21]} 84. Ba8 {[%clk 0:00:15]}  1/2-1/2

[Event "Deutsche Blitz-Einzelmeisterschaft der Frauen 2021"]
[Site "Magdeburg"]
[Date "2021.08.01"]
[Round "19"]
[Board "6"]
[White "Mader, Lena"]
[Black "Paehtz, Elisabeth"]
[Result "0-1"]
[WhiteElo "1689"]
[BlackElo "2410"]
[PlyCount "0"]
[EventDate "2021.08.01"]
[EventRounds "21"]
[EventCountry "GER"]

1. c4 {[%clk 0:03:02]} b6 {[%clk 0:03:03]} 2. Nc3 {[%clk 0:03:02]} Bb7 {[%clk
0:03:04]} 3. Nf3 {[%clk 0:03:02]} e6 {[%clk 0:03:05]} 4. d3 {[%clk 0:03:00]} Nf6
{[%clk 0:03:04]} 5. g3 {[%clk 0:02:48]} d5 {[%clk 0:03:05]} 6. cxd5 {[%clk
0:02:45]} exd5 {[%clk 0:03:06]} 7. d4 {[%clk 0:02:38]} a6 {[%clk 0:03:01]} 8. Bg2
{[%clk 0:02:38]} Bd6 {[%clk 0:03:02]} 9. O-O {[%clk 0:02:38]} O-O {[%clk
0:03:03]} 10. Bg5 {[%clk 0:02:29]} h6 {[%clk 0:03:01]} 11. Bxf6 {[%clk 0:02:29]}
Qxf6 {[%clk 0:03:01]} 12. e3 {[%clk 0:02:31]} Nd7 {[%clk 0:02:59]} 13. Rc1 {[%clk
0:02:12]} Qe6 {[%clk 0:02:57]} 14. a3 {[%clk 0:01:42]} Nf6 {[%clk 0:02:51]} 15.
Qd2 {[%clk 0:01:21]} Rad8 {[%clk 0:02:46]} 16. Rc2 {[%clk 0:00:53]} Ne4 {[%clk
0:02:28]} 17. Qe2 {[%clk 0:00:54]} Nf6 {[%clk 0:02:36]} 18. Rfc1 {[%clk 0:00:53]}
Rfe8 {[%clk 0:02:37]} 19. b4 {[%clk 0:00:46]} Re7 {[%clk 0:02:29]} 20. Ra1 {[%clk
0:00:35]} g6 {[%clk 0:02:28]} 21. b5 {[%clk 0:00:26]} a5 {[%clk 0:02:25]} 22. a4
{[%clk 0:00:27]} Kg7 {[%clk 0:02:25]} 23. Rac1 {[%clk 0:00:14]} Qf5 {[%clk
0:02:16]} 24. Nh4 {[%clk 0:00:11]} Qd7 {[%clk 0:02:21]} 25. Qd3 {[%clk 0:00:06]}
Ne4 {[%clk 0:02:14]} 26. Nf3 {[%clk 0:00:04]} Rde8 {[%clk 0:02:13]} 27. Qe2
{[%clk 0:00:03]} Nf6 {[%clk 0:02:10]} 28. Qd3 {[%clk 0:00:04]} h5 {[%clk
0:02:04]} 29. Qe2 {[%clk 0:00:03]} Ba3 {[%clk 0:01:56]} 30. Rb1 {[%clk 0:00:03]}
Bb4 {[%clk 0:01:56]} 31. Qd3 {[%clk 0:00:03]}  0-1